000 01718nam0a2200349 4500
001 RU\NLR\bibl\1089648
005 20250615052246.0
010 _a5-94625-072-8
_93000
021 _aRU
_b2007-25826
_91373
035 _a(NLR Aleph) 001076792
090 _a1033292
_c1033292
100 _a20070522d2007 |||y0rusy50 ca
101 0 _arus
102 _aRU
105 _aa |||||||||
200 1 _aПоследование во Святую и Великую неделю Пасхи и во всю Светлую седмицу
_e[сборник
_fред. П.В. Уржумцев и др.
_gсост. коммент. П.М. Иванов
_gсост. нотного прил. иеромон. Амвросий (Носов)]
210 _aМосква
_cИздательский Совет Русской Православной Церкви
_d2007
215 _a206,[1] с., [1] л. цв. ил.
_cнот.
_d30
300 _aЗагл. обл.: Пасха
320 _aБиблиогр.: с. 173-174
327 1 _aСодерж.: Последование во Святую и Великую неделю Пасхи и во всю Светлую седмицу; О службе дня Светлой Пасхи и всей Светлой седмицы
512 1 _aПасха
606 1 _aПасха христианская, праздник
_xБогослужение православное
_92533793
_3RU\NLR\AUTH\661500670
686 _aЭ372.24-503.181.12
702 1 _aУржумцев
_bП. В.
_4340
801 0 _aRU
_bNLR
_c20070522
_gRCR
801 1 _aRU
_bNLR
_c20070522
942 _cBOOK
980 _aNB